Statistics for Rock Songs A-Z

Click here to take the quiz!

General Stats

  • This quiz has been taken 58 times
  • The average score is 6 of 26

Answer Stats

HintAnswer% Correct
A-Pink FloydAnother Brick in the Wall
73%
J-Van HalenJump
73%
C-BlondieCall Me
53%
W-Guns n RosesWelcome to the Jungle
53%
P-Alice CooperPoison
51%
N-MetallicaNothing Else Matters
47%
K-3 Doors DownKryptonite
45%
D-DisturbedDown With the Sickness
43%
M-Ozzy OsbourneMr. Crowley
20%
F-Def LeppardFoolin'
14%
I-DokkenIn my Dreams
14%
O-REMOrange Crush
12%
G-CinderellaGypsy Road
10%
H-WarrantHeaven
10%
T-Lynyrd SkynyrdThat Smell
10%
Z-The Scorpions(The) Zoo
10%
U-PoisonUnskinny Bop
10%
X-Green DayX-Kid
10%
B-Tom PettyBreakdown
8%
V-GodSmackVoodoo
8%
E-Van HalenEverybody Wants Some
4%
R-Bad CompanyRock 'n' Roll Fantasy
4%
L-Every Mother's NightmareLove Can Make You Blind
2%
Q-SublimeQ-Ball
2%
S-Black CrowesShe Talks to Angels
2%
Y-Pat BenatarYou Better Run
2%

Score Distribution

Percentile by Number Answered

Percent of People with Each Score

Your Score History

You have not taken this quiz